|
|
|
|
| LEADER |
00000nam2a2200000 4500 |
| 001 |
287892 |
| 005 |
20231102000032.0 |
| 020 |
|
|
|a RU
|b 85-58825
|
| 035 |
|
|
|a (RuTPU)RU\TPU\book\312335
|
| 035 |
|
|
|a RU\TPU\book\312333
|
| 090 |
|
|
|a 287892
|
| 100 |
|
|
|a 20150320g1985 km y0rusy5003 ca
|
| 101 |
0 |
|
|a rus
|
| 102 |
|
|
|a UA
|
| 105 |
|
|
|a a z 001zy
|
| 200 |
0 |
|
|a Т. 2 : Методические основы планирования
|
| 210 |
|
|
|d 1985
|
| 215 |
|
|
|a 263 с.
|c ил.
|
| 320 |
|
|
|a Предметный указатель: с. 261-262
|
| 461 |
|
1 |
|0 (RuTPU)RU\TPU\book\348592
|t Промышленное объединение
|o в 2 т.
|f Академия наук Украинской ССР (АН УССР), Институт экономики (ИЭ) ; отв. ред. В. И. Голиков
|v Т. 2 : Методические основы планирования
|d 1985
|
| 606 |
1 |
|
|a Промышленные объединения
|x Планирование
|x Математические методы
|2 stltpush
|3 (RuTPU)RU\TPU\subj\52535
|9 70947
|
| 610 |
1 |
|
|a методические основы
|
| 610 |
1 |
|
|a производство
|
| 610 |
1 |
|
|a планы
|
| 610 |
1 |
|
|a продукция
|
| 610 |
1 |
|
|a реализация
|
| 610 |
1 |
|
|a потребности
|
| 610 |
1 |
|
|a рост
|
| 610 |
1 |
|
|a показатели
|
| 610 |
1 |
|
|a труд
|
| 610 |
1 |
|
|a кадры
|
| 610 |
1 |
|
|a техническое развитие
|
| 610 |
1 |
|
|a капитальные вложения
|
| 675 |
|
|
|a 658.016.4
|z rus
|v 3
|
| 801 |
|
0 |
|a RU
|b RuMRKP
|c 19950704
|g psbo
|
| 801 |
|
1 |
|a RU
|b 63413507
|c 20150320
|
| 801 |
|
2 |
|a RU
|b 63413507
|c 20180219
|g RCR
|
| 942 |
|
|
|c BK
|